000 01404nam a2200325 c 4500
003 BLK
005 20180420223350.0
008 180408b bul|||||r ||||||| ||bul||
010 _aKNG00069699000
020 _a954-649-904-8
_bиздат.: Сиела Софт енд Паблишинг
040 _aBLK
041 _aBUL
_cBUL
080 _aИнтелектуална собственост (право)
_b347.77/.78
_x(497.2)
_z347.77/.78(497.2)
080 _aЗнаци за качество. Фабрични марки. Печати
_b003.65
_x
_z003.65
100 1 _aДраганов, Живко Иванов
_eпърви автор
_9292454
139 _aДраганов, Живко Иванов
_bД 85
245 1 0 _aПравен режим на означенията
_bМарки, фирми, геогр. означения, домейн имена
_cЖивко Иванов Драганов.
257 _aBGR
260 София
_bСиела Софт енд Паблишинг
_c2006
300 _a260 с.
_bс табл.
_c23 см
380 _a3
650 4 _aИнтелектуална собственост
_9270182
653 _aтърговски марки
653 _aдомейн имена
852 _aЦб 230203
856 4 _qpdf
_u
856 4 _qpdf
_u
942 _cKNG
_n0
944 _aCR
_c28.11.2006
_kГеновева_Генчева
944 _aED
_c15.05.2017
_kВиолета_Тройчева
999 _c65422
_d65422